Grandma quiz - Statistics

General Stats
  • This quiz has been taken 2 times
  • The average score is 3 of 17
Answer Stats
Hint Answer % Correct
Age (11/19 74
100%
DOB 22/04/45
50%
Worst neighbour Gloria
50%
Favourite colour Pink
50%
Worst part of being married Can’t be selfish
0%
Least favourite thing to do Cleaning Grandpas toilet
0%
What was your most recent argument with Grandpa about? Didn’t buy enough potatoes
0%
Favourite animal Dolly
0%
Biggest worry about Grandpa Down the garage
0%
One thing you’d change about life right now Good health
0%
Funniest centre parcs memory Jack trying to light fire
0%
Who eats the most at a roast dinner? Michael
0%
Favourite family member Nanny doll
0%
Fondest family memory Nanny Dolls party
0%
Favourite holiday destination Seychelles
0%
Grandpas worst characteristic Spanish Inquisition
0%
Favourite feature about yourself Understanding
0%
No matching quizzes found
Score Distribution
Percent of People with Each Score
Percentile by Number Answered
Your Score History
You have not taken this quiz